MUDALKAR & MENON`S CLINICAL OBSTETRICS / (Record no. 794733)

MARC details
000 -LEADER
fixed length control field 00504pam a2200193 a 4500
020 ## - INTERNATIONAL STANDARD BOOK NUMBER
International Standard Book Number 812500093
Terms of availability 325.00
041 ## - LANGUAGE CODE
Language code of text/sound track or separate title eng
Language code of original NULL
082 ## - DEWEY DECIMAL CLASSIFICATION NUMBER
Classification number 618.2
Item number MEN / MUD
100 ## - MAIN ENTRY--PERSONAL NAME
Personal name MUDALKAR, A .
245 ## - TITLE STATEMENT
Title MUDALKAR & MENON`S CLINICAL OBSTETRICS /
Statement of responsibility, etc. NULL.
Medium Textual Documents
260 ## - PUBLICATION, DISTRIBUTION, ETC.
Place of publication, distribution, etc. NULL :
Name of publisher, distributor, etc. ORIENT LONGMAN ,
Date of publication, distribution, etc. 2001.
300 ## - PHYSICAL DESCRIPTION
Extent 545 :
Other physical details VIII ;
Dimensions A4 .
365 ## - TRADE PRICE
Price type code 325.00
Price note 1
650 ## - SUBJECT ADDED ENTRY--TOPICAL TERM
Topical term or geographic name entry element OBST.GYNE
700 ## - ADDED ENTRY--PERSONAL NAME
Personal name MENON, M .
907 ## - LOCAL DATA ELEMENT G, LDG (RLIN)
a 1006
930 ## - EQUIVALENCE OR CROSS-REFERENCE-UNIFORM TITLE HEADING [LOCAL, CANADA]
Uniform title 197
Holdings
Withdrawn status Lost status Damaged status Not for loan Home library Current library Date acquired Cost, normal purchase price Total Checkouts Full call number Barcode Date due Date last seen Date last checked out Copy number Price effective from Koha item type
        Medical College & Hospital, Sangli Medical College & Hospital, Sangli 28/11/2011 325.00 1 618.2 MEN / MUD MCS-1006 01/10/2043 06/10/2023 06/10/2023 2 26/07/2023 Book
        Medical College & Hospital, Sangli Medical College & Hospital, Sangli 28/11/2011 325.00   618.2 MEN / MUD MCS-1005   26/07/2023   1 26/07/2023 Book